000 00556nam a2200181Ia 4500
008 090124s9999 xx 000 0 und d
082 _b18513
100 _aगाडगीळ गंगाधर
245 _a गुणाकार
250 _a1
260 _b"पॉप्युलर प्रकाशन ,बाँम्बे"
300 _a220
600 _aगाडगीळ गंगाधर
630 _a गुणाकार
700 _aगाडगीळ गंगाधर
730 _a गुणाकार
942 _cBOOK
999 _c89563
_d89563